000 00725cam a2200253 i 4500
008
020 _a0443020086 (pbk.)
049 _aMAIN
090 _aRG524
_bCLA
100 1 _aClayton, Stanley G.
245 1 2 _aA pocket obstetrics /
_cStanley G. Clayton, John R. Newton.
250 _a9th ed.
260 _aEdinburgh:
_bChurchill Livingstone,
_c1979.
300 _aviii, 181 p. :
_bill. ;
_c19 cm.
504 _aIncludes bibliographical references.
500 _aIncludes index.
650 0 _aObstetrics.
700 1 _aNewton, John R.
907 _a.b10340749
_b04-04-14
_c04-04-14
003
005 20230123122049.0
040 _cNUST
942 _cBOOKS
_kRG524
_mCLA
999 _c127187
_d127187